01940cam a22002895a 45000010009000000050017000090080041000260200018000670400028000850820021001131000032001342450080001662500012002462600048002583000035003065000026003415050940003676300028013076500042013356500051013776510010014286530022014387000017014609420008014779990017014859520148015021805881120170213124925.0140307s2014 enka fr 001 0 eng d a9780273774990 aDLCbengcDLCdEG-ScBUE04a150.727222bDAN1 aDancey, Christine P.93993310aStatistics without maths for psychology /cChristine P. Dancey, John Reidy. a6th ed. aHarlow :bPearson Education Limited,c2014. axxiv, 611 p. :bill. ;c24 cm. aIndex : p. [601]-611.0 aPreface -- Acknowledgements -- Guided tour of the book and website -- Variables and research design -- Introduction to spss -- Descriptive statistics -- Probability, sampling and distributions -- Hypothesis testing and statistical significance -- Correlational analysis : pearson's r -- Analyses of differences between two conditions : the t-test -- Issues of significance -- Measures of association -- Analysis of differences between three or more conditions -- Analysis of variance with more than one iv -- Regression analysis -- Analysis of three or more groups partialling out effects of a covariate -- Introduction to factor analysis -- Introduction to multivariate analysis of variance (manova) -- Non-parametric statistics -- Answers to activities and spss exercises -- Appendix 1: table of z-scores and the proportion of the standard normal distribution falling above and below each score -- Appendix 2: table r to zr -- Index.07aSPSS for Windows.94287 7aMathematical statistics.2BUEsh97173 7aPsychologyxStatistical methods.2BUEsh939934 2BUEsh bHHUUPPSScMay20161 aReidy, John. 2ddc c21708d21680 00102ddc40708AlahramaMAINbMAINcLOWd2016-05-09ePurchaseg295.00l1o150.727 DANp000032444r2025-07-15 00:00:00s2017-11-19v368.75yBB